00861nam a22002297a 45000010005000000030006000050050017000110080041000280200018000690400029000870820010001161000021001262450091001472600034002383000049002724900029003215050008003505200193003585210029005515210020005807000031006009544FISKH20260121090620.0260121b cb ||||| |||| 00| 0 eng d a9788956354965 aFISKHbengcFISKHdFISKH a398.2 aSormark , Julie  aThe great big turnip /cRetold by Julie Sormrk : through the Art Style of Paul Gauguin aSeoul : be-futrue ,c2010 .  a35 pages : bcolor illustrations ;c23 cm .  aArt Classic Stories v#1 aK  aAn old man grows a giant turnip but cannot pull it out by himself. One by one, others come to help, and together they succeed. The story teaches the importance of teamwork and cooperation.8 a510 bLexile estimate 8 aK bRaz-Plus  aYoo , Haemi eIllustrator